Viacej otázok ako odpovedí
Slovenská republika a výroba elektrickej energie. Energetická stratégia SR a realizácia hlavného cieľa energetickej politiky, zvýšením výkonu existujúcich a výstavbou nových výrobných zariadení. Energetická bezpečnosť z pohľadu optimálneho koncepčného riešenia.
Saved in:
| Main Author: | |
|---|---|
| Format: | Book Chapter |
| Language: | Slovak |
| Subjects: | |
| Tags: |
No Tags, Be the first to tag this record!
|
MARC
| LEADER | 00000naa a2200000 4500 | ||
|---|---|---|---|
| 001 | 0230026 | ||
| 005 | 20170511141612.7 | ||
| 041 | 0 | |a slo | |
| 044 | |a CZ | ||
| 245 | 1 | 0 | |a Viacej otázok ako odpovedí |c Maxim Pacek |
| 520 | |a Slovenská republika a výroba elektrickej energie. Energetická stratégia SR a realizácia hlavného cieľa energetickej politiky, zvýšením výkonu existujúcich a výstavbou nových výrobných zariadení. Energetická bezpečnosť z pohľadu optimálneho koncepčného riešenia. | ||
| 610 | 2 | 0 | |a Slovensko |
| 610 | 2 | 0 | |a politika energetická |
| 610 | 2 | 0 | |a bezpečnosť energetická |
| 610 | 2 | 0 | |a hospodárstvo energetické |
| 610 | 2 | 0 | |a výroba energie |
| 610 | 2 | 0 | |a sústava energetická |
| 100 | 1 | |a Pacek, Maxim | |